Statistiken für Junge, komm bald wieder - Liedtext

Klicken Sie hier um das Quiz zu spielen!

Allgemein

  • Dieses Quiz wurde 33 mal gespielt
  • Das Durchschnittsergebnis liegt bei 11 aus 22

Antwortstatistiken

Liedtext% Korrekt
Junge, {fahr} {nie} {wieder}, nie wieder hinaus
100%
Denk auch an morgen, denk auch {an} {mich}
96%
Junge, komm bald wieder, bald wieder {nach} {Haus}
96%
Junge, komm bald wieder, bald wieder {nach} {Haus}
96%
Junge, {fahr} {nie} {wieder}, nie wieder hinaus
93%
Ich {mach} {mir} {Sorgen}, Sorgen um dich
89%
Junge, {fahr} {nie} {wieder}, nie wieder hinaus
61%
Junge, komm bald wieder, bald wieder {nach} {Haus}
61%
Junge, {fahr} {nie} {wieder}, nie wieder hinaus
50%
Denk auch an morgen, denk auch {an} {mich}
46%
Ich {mach} {mir} {Sorgen}, Sorgen um dich
46%
Junge, {fahr} {nie} {wieder}, nie wieder hinaus
46%
Junge, komm bald wieder, bald wieder {nach} {Haus}
46%
Junge, komm bald wieder, bald wieder {nach} {Haus}
46%
Ich schlich mich heimlich fort, als {Mutter} {schlief}
32%
Ich weiß noch heute, was {mir} {Mutter} {schrieb}
29%
In jedem Hafen kam ein {Brief} {an} {Bord}
25%
Und immer schrieb sie: "{Bleib} {nicht} {so} {lange} {fort}"
25%
Wohin die Seefahrt mich {im} {Leben} {trieb}
18%
Als sie erwachte war ich {auf} {dem} {Meer}
14%
Im ersten Brief stand: "{Komm} {doch} {bald} {wieder} {her}"
7%
Ich weiß noch, wie die {erste} {Fahrt} {verlief}
4%

Verteilung der Resultate

Perzentil nach korrekt beantworteten Fragen

Anzahl Personen mit jedem Resultat

Ihre Resultats-Entwicklung

Sie haben dieses Quiz noch nicht gespielt